The economic evaluation of vocational training programs

Saved in:
Bibliographic Details
Main Author: Zymelman, Manuel
Format: Book
Language:English
Published: Baltimore : Johns Hopkins University Press, 1976
Series:World Bank staff occasional papers ; ; 21
Subjects:
Tags: Add Tag
No Tags, Be the first to tag this record!

MARC

LEADER 00000nam a2200000 i 4500
001 1/71710
008 960719s1976 eng d
020 |a 0-8018-1855-9 
035 |a 1987  |c Αγορά  |l 10031031 
040 |a GR-MY-UA  |b gre  |e aacr 
041 0 |a eng 
082 0 |a 374.013 
100 1 |a Zymelman, Manuel. 
245 1 4 |a The economic evaluation of vocational training programs /  |c Manuel Zymelman 
260 |a Baltimore :   |b Johns Hopkins University Press,   |c 1976 
300 |a 122 p. 
490 1 |a World Bank staff occasional papers  |v ; 21 
650 0 0 |a Vocational education. 
650 0 0 |a Education  |x Economic aspects. 
830 0 |a World Bank staff occasional papers ;  |v ; 21 
852 |a INST  |b RHODES  |e 19960719  |h 374.013 ZYM  |p 005400002455  |q 005400002455  |t BK  |y 0 
909 |a Ρ  |b 006086  |c 1987